<?xml version="1.0" encoding="UTF-8"?>
<collection xmlns="http://www.loc.gov/MARC21/slim">
 <record>
  <leader>00584pamaa2200145   4500</leader>
  <controlfield tag="001">0000037253</controlfield>
  <controlfield tag="005">20081112090000.0</controlfield>
  <datafield tag="020" ind1="0" ind2="0">
   <subfield code="a">[Nil] </subfield>
  </datafield>
  <datafield tag="090" ind1="0" ind2="0">
   <subfield code="a">HD890.6.Z63 </subfield>
   <subfield code="b">LAP 2003</subfield>
  </datafield>
  <datafield tag="245" ind1="1" ind2="0">
   <subfield code="a">LAPORAN pasaran harta 2003 [</subfield>
   <subfield code="m">CD_ROM= property market report]  </subfield>
   <subfield code="c">Jabatan Penilaian dan Perkhidmatan Harta Kementerian Kewangan Malaysia.</subfield>
  </datafield>
  <datafield tag="260" ind1="0" ind2="0">
   <subfield code="a">[Kuala Lumpur]: </subfield>
   <subfield code="b">Jabatan Penilaian dan Perkhidmatan Harta, </subfield>
   <subfield code="c">2003.</subfield>
  </datafield>
  <datafield tag="300" ind1=" " ind2=" ">
   <subfield code="a">1 CD-ROM; </subfield>
   <subfield code="c">4.5 inch.</subfield>
  </datafield>
  <datafield tag="500" ind1="0" ind2="0">
   <subfield code="a">To accompany with title &quot; Laporan Pasaran Harta 2003  = Property Market Report &quot;</subfield>
  </datafield>
  <datafield tag="650" ind1="0" ind2="0">
   <subfield code="a">Real property -- </subfield>
   <subfield code="x">Prices -- </subfield>
   <subfield code="z">Malaysia </subfield>
  </datafield>
 </record>
</collection>
